000 00528nam a22001937a 4500
003 OSt
005 20220207194539.0
008 220120b xxu||||| |||| 00| 0 eng d
020 _a9780521876582
040 _cKUDSIT
082 _a004.1 MER/Q
100 _aMermin, N. David
_918951
245 _aQuantum computer science :
_b An introduction
260 _aNew York,
_bCambridge University Press,
_c2016.
300 _axiv, 220 p.
650 _aQUANTUM COMPUTERS
_918952
650 _aQUANTUM THEORY
_918953
942 _2ddc
_cBK
999 _c6916
_d6916